Statistiques concernant La Bible - Les 9 fruits de l'Esprit

Cliquez ici pour prendre le quiz!

Statistiques générales

  • Ce quiz a été pris 30 fois
  • Le résultat moyen est 6 sur 9

Statistiques - réponses

OrdreNom du fruit% Correct
1Amour
85%
2Joie
85%
3Paix
85%
4Patience
70%
5Bonté
65%
8Douceur
60%
9Tempérance
55%
7Fidélité
35%
6Bénignité
30%

Distribution des résultats

Percentile par nombre de réponses

% des personnes avec chaque résultat

Votre développement - résultats

Vous n’avez pas pris ce quiz